Las dos Carlotas / (Registro nro. 11606)

Detalles MARC
000 -LIDER
fixed length control field 00919nam a22003017a 4500
001 - NÚMERO DE CONTROL
Identificador de número de control 000571
003 - IDENTIFICACDOR DE NÚMERO DE CONTROL
control field DO-SdBNP
005 - DATE AND TIME OF LATEST TRANSACTION
control field 20180125134357.0
007 - CAMPOS FIJOS DE DESCRIPCIÓN FÍSICA
fixed length control field 000571
008 - ELEMENTOS DE LONGITUD FIJA
fixed length control field 161019b 1989 sp a ||||| |||| 00| 0 spa d
020 ## - ISBN
International Standard Book Number 9788426103932
040 ## - FUENTE DE CATALOGACIÓN
Agencia que crea de manera original el registro BPMSU
Idioma de catalogación spa
Agencia que realiza la transcripción BPMSU
082 ## - NÚMERO DE CLASIFICACIÓN DECIMAL DE DEWEY
Classification number xxxxx
Item number xxxxx
100 1# - ASIENTO PRINCIPAL -- NOMBRE PERSONAL
Nombre personal Kaestner, Erich,
Fechas asociadas con el nombre 1899-1974.
240 1# - TITULO UNIFORME
Título uniforme Das doppelte lottchen.
Idioma de una obra spa
245 14 - MENCIÓN DE TITULO
Título Las dos Carlotas /
Mención de responsabilidad Erich Kaestner ; traducción de Pilar Guerra ; ilustraciones de Walter Trier.
250 ## - MENCIÓN DE EDICION
Mención de edición 6a ed.
260 ## - PUBLICACIÓN, DISTRIBUCIÓN, ETC. (PIE DE IMPRENTA)
Lugar de publicación, distribución, etc Barcelona :
Nombre del editor, distribuidor, etc. Juventud,
Fecha de publicación, distribución, etc 1998.
300 ## - DESCRIPCIÓN FÍSICA
Extensión 167 p. :
Otros detalles físicos il. ;
Dimensiones 22 cm..
490 1# - MENCIÓN DE SERIES
Mención de serie Juventud
Volume/sequential designation 5
700 12 - ASIENTO SECUNDARIO -- NOMBRE PERSONAL
Nombre personal Guerra, Pilar,
Mención de responsabilidad tr.
700 12 - ASIENTO SECUNDARIO -- NOMBRE PERSONAL
Nombre personal Trier, Walter,
Mención de responsabilidad il.
830 #0 - ASIENTO SECUNDARIO DE SERIE--TÍTULO UNIFORME
Título uniforme Juventud
Número de la parte o sección de una obra 5
942 ## - ADDED ENTRY ELEMENTS (KOHA)
Source of classification or shelving scheme Dewey Decimal Classification
Koha item type Libros
945 ## - INFORMACIÓN DE PROCESAMIENTO LOCAL
Información de procesamiento local Inventariado, 2018 / BT
956 ## - LOCAL ELECTRONIC LOCATION AND ACCESS (OCLC)
Método de acceso LOPEREZ
Materiales especificados 10
Enlace 20161019
Campo enlazado y núm. de secuencia BPMSU
Nombre de host 00041
956 ## - LOCAL ELECTRONIC LOCATION AND ACCESS (OCLC)
Nombre de host BTAVAREZ
Número de acceso 10
Trayectoria 20180125
Nombre Electrónico BPMSU
Procesador de solicitud 0038
Existencias
Withdrawn status Lost status Source of classification or shelving scheme Damaged status Not for loan Collection code Home library Current library Date acquired Source of acquisition Total Checkouts Full call number Barcode Date last seen Price effective from Koha item type
    Dewey Decimal Classification     Colección Juvenil General Biblioteca Pública de Villa Duarte "Juan Sánchez Lamouth" Biblioteca Pública Metropolitana Salomé Ureña 10/19/2016 FUNDI   xxxxx xxxxx BPMSU16100259 10/19/2016 10/19/2016 Libros